Hacia la inclusión educativa en la universidad : diseño universal para el aprendizaje y la educación de calidad /

Bibliographic Details
Main Author: Elizondo, Coral (Author)
Format: Electronic eBook
Language:Spanish
Published: Barcelona : Octaedro IDP/ICE, [2020]
Edition:Primera edición electrónica.
Series:Colección Educación universitaria.
Subjects:
Online Access:Digitalia Hispánica

MARC

LEADER 00000nam a2200000Ii 4500
001 DIGOCTA0208
003 NyNyDIG
006 m o d
007 cr |||||||||||
008 230318s2020 sp ob 000 0 spa d
035 |a (OCoLC)1148934314 
040 |a DGITA  |b eng  |e rda  |e pn  |c DGITA 
020 |a 9788418083921  |q eBook 
020 |z 9788418083327  |q papel 
050 1 4 |a LC2781 ebook 
082 0 4 |a 378.1982 
100 1 |a Elizondo, Coral,  |e author. 
245 1 0 |a Hacia la inclusión educativa en la universidad :  |b diseño universal para el aprendizaje y la educación de calidad /  |c Coral Elizondo. 
250 |a Primera edición electrónica. 
264 1 |a Barcelona :  |b Octaedro IDP/ICE,  |c [2020] 
300 |a 1 online resource. 
336 |a text  |b txt  |2 rdacontent 
337 |a computer  |b c  |2 rdamedia 
338 |a online resource  |b cr  |2 rdacarrier 
347 |a text file  |2 rdaft 
347 |b EPUB 
490 1 |a Educación universitaria 
504 |a Includes bibliographical references. 
588 0 |a Online resource; title from ePub title page (Digitalia, viewed March 18, 2023) 
650 0 |a Inclusive education. 
650 0 |a Minorities  |x Education (Higher) 
791 2 |a Digitalia (Firm),  |e distributor. 
793 0 |g Digitalia eBook Collection:  |a Editorial Octaedro 
776 0 8 |i Print version:  |a Elizondo, Coral.  |t Hacia la inclusión educativa en la universidad.  |b Primera edición (papel).  |d Barcelona : Octaedro IDP/ICE, [2020]  |z 9788418083327 
830 0 |a Colección Educación universitaria. 
856 4 0 |3 Digitalia Hispánica  |u https://www.digitaliapublishing.com/a/113984/ 
910 |a Premium collection: 2023